Giải tích hiện đại

שמור ב:
מידע ביבליוגרפי
מחבר ראשי: Hoàng Tuỵ
פורמט: ספר
תגים: הוספת תג
אין תגיות, היה/י הראשונ/ה לתייג את הרשומה!
Thư viện lưu trữ: Mạng thư viện Đại học Đà Nẵng
LEADER 00615nam a2200205 4500
001 000010123
003 6323
005 20150812140840.0
008 111114s sd
100 0 |a Hoàng Tuỵ 
245 0 0 |a Giải tích hiện đại  |c Hoàng Tuỵ 
774 |a Hoàng Tụy  |d Giáo dục  |d H.  |d 1978  |g T.3  |h 190tr  |n ĐTTS ghi: Bộ giáo dục. Cục đào tạo và bồi dưỡng  |w 6322 
OWN |a LSP 
999 |a From the UDN01 
TYP |a Monograph 
TYP |a Printed language 
980 |a Mạng thư viện Đại học Đà Nẵng